Kolektívne investovanie v ekonomike diplomová práca

Enregistré dans:
Détails bibliographiques
Auteur principal: Mikulcová, Anita
Collectivité auteur: Národohospodárska fakulta EU. Katedra hospodárskej politiky
Autres auteurs: Mikulec, Vladimír
Format: Livre
Langue:slovaque
Publié: Bratislava 2008
Tags: Ajouter un tag
Pas de tags, Soyez le premier à ajouter un tag!

MARC

LEADER 00000nam$a2200000$$$4500
001 0077686
005 20240201115401.5
041 0 |a slo 
044 |a SK 
245 1 0 |a Kolektívne investovanie v ekonomike  |b diplomová práca  |c Anita Mikulcová ; škol. Vladimír Mikulec 
264 1 |a Bratislava  |c 2008 
300 |a 76 s. 
100 1 |a Mikulcová, Anita 
700 1 |a Mikulec, Vladimír 
710 2 |a Národohospodárska fakulta EU. Katedra hospodárskej politiky